00311nam a22001097a 4500020001500000082001700015100002300032245006500055260005200120300000700172650002200179 a8174354336 a500.8297 QUR aQureshi, Mazhar M. aIntroduction to Muslim Contributions to Science & Technology aNew DelhibAdam Publishers & Distributorsc2007 a83 aIslam and Science